Baby play and learn: (Record no. 8654)
[ view plain ]
| 000 -LEADER | |
|---|---|
| fixed length control field | 01202nam a22002177a 4500 |
| 001 - CONTROL NUMBER | |
| control field | 8654 |
| 003 - CONTROL NUMBER IDENTIFIER | |
| control field | FISKH |
| 005 - DATE AND TIME OF LATEST TRANSACTION | |
| control field | 20251008150553.0 |
| 008 - FIXED-LENGTH DATA ELEMENTS--GENERAL INFORMATION | |
| fixed length control field | 251008b cb ||||| |||| 00| 0 eng d |
| 040 ## - CATALOGING SOURCE | |
| Original cataloging agency | FISKH |
| Language of cataloging | eng |
| Transcribing agency | FISKH |
| Modifying agency | FISKH |
| 050 ## - LIBRARY OF CONGRESS CALL NUMBER | |
| Classification number | HQ774.W36 |
| 082 ## - DEWEY DECIMAL CLASSIFICATION NUMBER | |
| Classification number | 305.232 |
| 100 ## - MAIN ENTRY--PERSONAL NAME | |
| Personal name | Warner, Penny |
| 245 ## - TITLE STATEMENT | |
| Title | Baby play and learn: |
| Remainder of title | 160 games and learning activities for the first three years / |
| Statement of responsibility, etc. | Penny Warner |
| 260 ## - PUBLICATION, DISTRIBUTION, ETC. | |
| Place of publication, distribution, etc. | New York : |
| Name of publisher, distributor, etc. | Meadowbrook, |
| Date of publication, distribution, etc. | 1999. |
| 300 ## - PHYSICAL DESCRIPTION | |
| Extent | 181 pages : |
| Other physical details | color illustrations ; |
| Dimensions | 24 cm |
| 520 ## - SUMMARY, ETC. | |
| Summary, etc. | A child's most rapid period of growth and development takes place between the years of birth to three. That is why child development expert Penny Warner offers 160 ideas for games and activities that will provide developmental learning opportunities and rewards for babies. There are step-by-step instructions for each game and activity; clearly marked recommended ages for each game and activity; a list of easy-to-find materials for each game; variations for added fun and enhanced learning; and safety tips on making sure that the baby doesn't get hurt while playing. |
| 650 ## - SUBJECT ADDED ENTRY--TOPICAL TERM | |
| Topical term or geographic name entry element | Baby explore |
| Form subdivision | Motor development |
| 942 ## - ADDED ENTRY ELEMENTS (KOHA) | |
| Source of classification or shelving scheme | Dewey Decimal Classification |
| Koha item type | Books |
| Suppress in OPAC | No |
| Withdrawn status | Lost status | Source of classification or shelving scheme | Damaged status | Not for loan | Collection | Home library | Current library | Shelving location | Date acquired | Total Checkouts | Full call number | Barcode | Date last seen | Copy number | Price effective from | Koha item type |
|---|---|---|---|---|---|---|---|---|---|---|---|---|---|---|---|---|
| Dewey Decimal Classification | Reference | Footprints International School Library Network Toul Kork Campus | Footprints International School Library Network Toul Kork Campus | Librarian's Shelf TK | 10/08/2025 | WAR 305.232 HQ774.W36 | 2025-4498 | 10/08/2025 | 1 | 10/08/2025 | Books |
